Statystyki dla Quiz o Tuvalu

Kliknij tutaj aby rozwiązać quiz!

Ogólne statystyki

  • Ten quiz został rozwiązany 968 razy
  • Średni wynik to 7 z 12

Statystyki odpowiedzi

WskazówkaOdpowiedź% Poprawnych
Języki oficjalneangielski
95%
Państwo, którego flaga znajduje się w lewym górnym rogu flagi TuvaluWielka Brytania
76%
Waluta używana na TuvaluDolar australijski
68%
Państwo, które leży około 850 km na południe od TuvaluFidżi
65%
Podstawowy plon pochodzący z palmOrzech
kokosowy
65%
Co reprezentuje dziewięć gwiazd na fladze Tuvalu?Wyspy
61%
51,6% dorosłych z Tuvalu są _____, czwarty najwyższy
wskaźnik w jakimkolwiek państwie
Otyli
60%
Języki oficjalnetuvalu
54%
StolicaFunafuti
52%
Podregion Oceanii, którego częścią jest TuvaluPolinezja
50%
Typ statku morskiego, który sprowadził na wyspy pierwotnych mieszkańcówKajak
19%
Dawna nazwa TuvaluWyspy {Gilberta
i Lagunowe}
19%

Rozkład punktacji

Percentyl według liczby udzielonych odpowiedzi

Procent ludzi z każdym wynikiem

Twoja historia wyników

Nie rozwiązałeś tego quizu